000 00646nam a2200193 a 4500
001 000022879
005 20200930021843.0
008 101122s1971 ag r 000 0 spa d
040 _aDO-SdBNP
_bspa
_cBNPHU
082 _axxx
_bM367e
100 1 _aMarshall, James
_947022
245 1 0 _aEspadas y símbolos :
_bensayos sobre los mecanismos de la democracia /
_cJames Marshall ; traducción Eduardo J. Prieto.
260 _aBuenos Aires, Argentina :
_bTroquel,
_c1971.
300 _a272 p. ;
_c20 cm.
500 _aIncluye bibliografía p. [259-270].
534 _aSwords and symbols
700 1 _aPrieto, Eduardo J.,
_etr.
_940991
049 _aBNGR
999 _c22376
_d22376